<?xml version="1.0" encoding="UTF-8"?>
<marc:record xmlns:marc="http://www.loc.gov/MARC21/slim">
   <marc:leader>00000nam a2200000 a 4500</marc:leader>
   <marc:datafield ind1="1" ind2=" " tag="100">
      <marc:subfield code="a">Roth, Ruby</marc:subfield>
      <marc:subfield code="4">aut</marc:subfield>
      <marc:subfield code="e">Verfasser/-in</marc:subfield>
   </marc:datafield>
   <marc:datafield ind1=" " ind2=" " tag="653">
      <marc:subfield code="a">Bilderbuch</marc:subfield>
   </marc:datafield>
   <marc:datafield ind1=" " ind2=" " tag="653">
      <marc:subfield code="a">Vegane Ernährung</marc:subfield>
   </marc:datafield>
   <marc:datafield ind1="0" ind2="0" tag="245">
      <marc:subfield code="a">Warum wir keine Tiere essen</marc:subfield>
   </marc:datafield>
   <marc:datafield ind1="0" ind2="0" tag="245">
      <marc:subfield code="b">ein Buch über Veganer, Vegetarier und alles Lebendige; Bilderbuch ab 5 Jahren</marc:subfield>
   </marc:datafield>
   <marc:datafield ind1=" " ind2="1" tag="264">
      <marc:subfield code="b">Echo-Verl.</marc:subfield>
      <marc:subfield code="c">2010</marc:subfield>
   </marc:datafield>
   <marc:datafield ind1="1" ind2=" " tag="520">
      <marc:subfield code="a">Warum wir keine Tiere essen bringt dem jungen Leser mit farbenfrohen Bildern und lebendigen Texten den Vegetarismus und Veganismus näher. Es ist nicht nur eine unterhaltsame Lektüre, sondern dient auch als Inspiration für Eltern und Kinder, über ein immer wichtiger werdendes Thema zu sprechen. *Klappentext*</marc:subfield>
   </marc:datafield>
</marc:record>
